<?xml version="1.0" encoding="UTF-8"?>
<record
    xmlns:xsi="http://www.w3.org/2001/XMLSchema-instance"
    xsi:schemaLocation="http://www.loc.gov/MARC21/slim http://www.loc.gov/standards/marcxml/schema/MARC21slim.xsd"
    xmlns="http://www.loc.gov/MARC21/slim">

  <leader>00676nam a2200205 i 4500</leader>
  <controlfield tag="001">104355</controlfield>
  <controlfield tag="003">ES-MaACL</controlfield>
  <controlfield tag="005">20251001141418.0</controlfield>
  <controlfield tag="007">t|</controlfield>
  <controlfield tag="008">051128s1950    sp af        |||| | cat d</controlfield>
  <datafield tag="100" ind1="1" ind2=" ">
    <subfield code="a">Milton, John (</subfield>
    <subfield code="d">1608-1674)</subfield>
    <subfield code="9">81300</subfield>
  </datafield>
  <datafield tag="240" ind1="1" ind2="0">
    <subfield code="a">Paradise lost. </subfield>
    <subfield code="l">Catal&#xE1;n</subfield>
  </datafield>
  <datafield tag="245" ind1="1" ind2="3">
    <subfield code="a">El paradis perdut / </subfield>
    <subfield code="c">John Milton ; traducci&#xF3; de Josep M. Boix i Selva ; aiguaforts de Ram&#xF3;n de Capmany.</subfield>
  </datafield>
  <datafield tag="260" ind1=" " ind2=" ">
    <subfield code="a">Barcelona : </subfield>
    <subfield code="b">[s.n.], </subfield>
    <subfield code="c">1950.</subfield>
  </datafield>
  <datafield tag="300" ind1=" " ind2=" ">
    <subfield code="a">240 p., 7 l&#xE1;m. ; </subfield>
    <subfield code="c">32 cm.</subfield>
  </datafield>
  <datafield tag="700" ind1="1" ind2=" ">
    <subfield code="a">Boix i Selva, J. M., </subfield>
    <subfield code="d">1914-</subfield>
    <subfield code="9">29907</subfield>
  </datafield>
  <datafield tag="700" ind1="1" ind2=" ">
    <subfield code="a">Capmany, Ramon de, </subfield>
    <subfield code="d">1899-1992</subfield>
    <subfield code="9">34866</subfield>
  </datafield>
  <datafield tag="852" ind1=" " ind2=" ">
    <subfield code="a">ES-MaACL</subfield>
    <subfield code="j">P-1008</subfield>
  </datafield>
  <datafield tag="999" ind1=" " ind2=" ">
    <subfield code="c">104355</subfield>
    <subfield code="d">104355</subfield>
  </datafield>
  <datafield tag="952" ind1=" " ind2=" ">
    <subfield code="0">0</subfield>
    <subfield code="1">0</subfield>
    <subfield code="4">0</subfield>
    <subfield code="7">0</subfield>
    <subfield code="a">ATENEOM</subfield>
    <subfield code="b">ATENEOM</subfield>
    <subfield code="c">DEPO2</subfield>
    <subfield code="d">2008-01-17</subfield>
    <subfield code="e">SC</subfield>
    <subfield code="l">0</subfield>
    <subfield code="o">P-1008</subfield>
    <subfield code="p">1108957</subfield>
    <subfield code="r">2023-02-23 00:00:00</subfield>
    <subfield code="w">2023-02-23</subfield>
    <subfield code="y">MONOGRAFIA</subfield>
  </datafield>
</record>
